Normal view
MARC view
Entry Personal Name
001 - CONTROL NUMBER
- control field: 74509
003 - CONTROL NUMBER IDENTIFIER
- control field: dpl
005 - DATE AND TIME OF LATEST TRANSACTION
- control field: 20241202151435.0
008 - FIXED-LENGTH DATA ELEMENTS
- fixed length control field: 241202|| aca||aabn | a|a d
040 ## - CATALOGING SOURCE
- Original cataloging agency: dpl
- Transcribing agency: dpl
100 ## - HEADING--PERSONAL NAME
- Personal name: Rao, B. V. Ramana
670 ## - SOURCE DATA FOUND
- Source citation: Work cat.: (dpl)207307: Rao, B. V. Ramana, Beacons Of Divine Wisdom/, 2011
